Modelovanie prostredia pre testovanie autonómnych vozidiel a ITS
Guardado en:
| Autor principal: | |
|---|---|
| Otros Autores: | |
| Formato: | Manuscrito Libro |
| Lenguaje: | eslovaco |
| Publicado: |
2025
|
| Materias: | |
| Acceso en línea: | http://is.stuba.sk/zp/portal_zp.pl?podrobnosti=177599 |
| Etiquetas: |
Sin Etiquetas, Sea el primero en etiquetar este registro!
|
MARC
| LEADER | 00000ntm a22000003a 4500 | ||
|---|---|---|---|
| 001 | stuzp103952 | ||
| 003 | SK-STU | ||
| 005 | 20250614212433.9 | ||
| 007 | ta | ||
| 008 | 150427s2015----xo-----f-mn---000-0-slo-d | ||
| 040 | |a STU |b slo | ||
| 041 | 0 | |a slo | |
| 100 | 1 | |a Plachý, Damián |u 030400 |4 aut |U FEI Fakulta elektrotechniky a informatiky |T FEI Ústav automobilovej mechatroniky |X 104069 |U E400 |Y 642 |7 104069 | |
| 242 | 0 | 1 | |a Vehicle Environment Model for Autonomous Driving and ITS |y eng |
| 245 | 1 | 0 | |a Modelovanie prostredia pre testovanie autonómnych vozidiel a ITS |
| 260 | |c 2025 | ||
| 650 | 4 | |a simulation |2 eng | |
| 650 | 4 | |a OpenStreetMap |2 eng | |
| 650 | 4 | |a SUMO |2 eng | |
| 650 | 4 | |a Webots |2 eng | |
| 650 | 4 | |a autonomous vehicle |2 eng | |
| 650 | 4 | |a OpenStreetMap |2 slo | |
| 650 | 4 | |a SUMO |2 slo | |
| 650 | 4 | |a Webots |2 slo | |
| 650 | 4 | |a simulácia |2 slo | |
| 650 | 4 | |a autonómne vozidlo |2 slo | |
| 700 | 1 | |a Kocúr, Michal |u 030400 |k Z1 |4 ths |U FEI Fakulta elektrotechniky a informatiky |T FEI Ústav automobilovej mechatroniky |X 55800 |U E400 |Y 642 |7 A000055800 | |
| 856 | 4 | |u http://is.stuba.sk/zp/portal_zp.pl?podrobnosti=177599 | |